Southville International School and Colleges
Your cart is empty.
  • Cart
  • Lists
    Public lists Eva Luna New books Lux_list list_1
    Your lists Log in to create your own lists
  • Log in to your account
  • Your cookies
  • Search history
Southville International School and Colleges
  • Advanced search
  • Recent comments
  • Most popular
  • Libraries

Log in to your account

Log in with GOOGLE


If you do not have an external account, but do have a local account, you can still log in:

  1. Home
  2. MARC view: Run for your life /
Normal view MARC view ISBD view

Run for your life / (Record no. 12423)

[ view plain ]
MARC details
000 -LEADER
fixed length control field 00592nam a22002057a 4500
003 - CONTROL NUMBER IDENTIFIER
control field LC
005 - DATE AND TIME OF LATEST TRANSACTION
control field 20160301094338.0
008 - FIXED-LENGTH DATA ELEMENTS--GENERAL INFORMATION
fixed length control field 131001t xxu||||| |||| 00| 0 eng d
020 ## - INTERNATIONAL STANDARD BOOK NUMBER
International Standard Book Number 9780316018746
050 ## - LIBRARY OF CONGRESS CALL NUMBER
Classification number PS 3551
Item number .L475 2009
082 ## - DEWEY DECIMAL CLASSIFICATION NUMBER
Classification number PS 3566
Item number P317 2007
100 ## - MAIN ENTRY--PERSONAL NAME
Personal name Patterson, James
9 (RLIN) 22268
245 ## - TITLE STATEMENT
Title Run for your life /
Statement of responsibility, etc James Patterson
260 ## - PUBLICATION, DISTRIBUTION, ETC. (IMPRINT)
Place of publication, distribution, etc New York :
Name of publisher, distributor, etc Little, Brown and Co,
Date of publication, distribution, etc 2007.
300 ## - PHYSICAL DESCRIPTION
Extent 390 p. :
Other physical details ill. ;
Dimensions 23 cm.
650 ## - SUBJECT ADDED ENTRY--TOPICAL TERM
Topical term or geographic name as entry element Rich people
General subdivision Fiction
9 (RLIN) 22269
650 ## - SUBJECT ADDED ENTRY--TOPICAL TERM
Topical term or geographic name as entry element Serial murderers
General subdivision Fiction
9 (RLIN) 22270
942 ## - ADDED ENTRY ELEMENTS (KOHA)
Source of classification or shelving scheme Library of Congress Classification
Koha item type Books
Holdings
Withdrawn status Lost status Source of classification or shelving scheme Damaged status Home library Current library Shelving location Date acquired Total Checkouts Total Renewals Full call number Barcode Date last seen Date checked out Copy number Price effective from Koha item type
    Library of Congress Classification   Luxembourg Library Luxembourg Library Fiction Section 10/01/2013 1 4 PS 3551 .L475 2009 19502 06/05/2020 02/18/2020 1 10/01/2013 Books

Run for your life /

APA

Patterson J., . (2007). Run for your life. New York: Little, Brown and Co.

Chicago

Patterson James, . 2007. Run for your life. New York: Little, Brown and Co.

Harvard

Patterson J., . (2007). Run for your life. New York: Little, Brown and Co.

MLA

Patterson James, . Run for your life. New York: Little, Brown and Co. 2007.

  • Place hold
  • Print
  • Cite
  • Add to your cart (remove)
  • Save record
    BIBTEX Dublin Core MARCXML MARC (non-Unicode/MARC-8) MARC (Unicode/UTF-8) MARC (Unicode/UTF-8, Standard) MODS (XML) RIS
  • More searches
    Search for this title in:
    Other Libraries (WorldCat) Other Databases (Google Scholar) Online Stores (Bookfinder.com) Open Library (openlibrary.org)

Exporting to Dublin Core...

SOUTHVILLE LIBRARY

Southville International School and Colleges Library

1281 Tropical Ave. Cor. Luxembourg St., BF Homes International, Las Pinas City

Tel. No. 8256374 / 252358 Loc. 117/146

Powered by Koha